Представление документа в формате RUSMARC

ПолеНазваниеЗначение
  Тип записи a
  Библиографический уровень m
001 Контрольный номер c58a221c2f5a4ec690537c0f1e5be68b
005 Дата корректировки 20260423135009.9
010 Индекс ISBN __
a ISBN 978-5-389-27786-1
100 Данные общей обработки __
a Данные общей обработки 20260313d 0rusy0189## ca
101 Язык документа 0_
a Язык текста rus
102 Страна публикации __
a Страна публикации RU
200 Заглавие и сведения об ответственности 1_
a Заглавие Тихий Дон
f Первые сведения об ответственности Михаил Шолохов
h Номер части Кн. 3-4
210 Выходные данные 1_
a Место издания Санкт-Петербург
c Издательство Азбука
d Дата издания 2026
215 Физическое описание __
a Объем 888, [8] с.
225 Серия 2_
a Серия Мировая классика
333 Примечание о целевом назначении __
a Примечание о целевом назначении [18+]
606 Тематические рубрики 0_
a Основная рубрика Русская литература, 20 в.
610 Ключевые слова 0_
a Ключевые слова романы советских писателей; Гражданская война (х. л.); донские казаки (х. л.); казаки (х. л.); казачество (х. л.); Первая мировая война (х. л.); становление Советской власти (х. л.); любовь (х. л.); экранизированные произведения
686 Индексы других классификаций __
a Классификационный индекс Р2
700 Автор _1
a Фамилия Шолохов
b Имя (инициалы) М. А.
g Полное личное имя Михаил Александрович
702 Вторичная интеллектуальная ответственность _1
a Фамилия Матвеев
b Имя (инициалы) Г. А.
g Полное личное имя Григорий Алексеевич
4 Код отношения 320
801 Источник записи _0
a Страна RU
b Организация УОБДЮ
c Дата составления 20260313
g Правила каталогизации RCR
801 Источник записи _1
a Страна RU
b Организация УОБДЮ
c Дата составления 20260313
g Правила каталогизации RCR
830 Общее примечание каталогизатора __
a Текст примечания Ю
852 Данные о местонахождении __
i Авторский знак Ш 78
j Шифр хранения Р2
900 Электронные ресурсы __
a Имя электронного ресурса 593019
901 Тип документа __
t Тип документа m
905 Данные по созданию БЗ __
b Логин пользователя, который создал БЗ imm
905 Данные по созданию БЗ __
a Дата создания БЗ 202604
b Логин пользователя, который создал БЗ o7
909 Создатель записи __
b Дата создания записи 20260313